000 00421pab a2200169 454500
008 180718b2006 xxu||||| |||| 00| 0 eng d
100 _aVaidyanathan, A.
245 _aFarmers' suicides and the agrarian crisis
260 _c2006
300 _ap.4009-013.
362 _a23 Sep
650 _aAgrarian structure
650 _aSuicide
650 _aFarmers
773 _aEconomic and Political Weekly
909 _a71646
999 _c71646
_d71646